Statistics for Glee Cast

Click here to take the quiz!

General Stats

  • This quiz has been taken 39 times
  • The average score is 28 of 102

Answer Stats

HintAnswer% Correct
Finn HudsonCory Monteith
93%
Will SchuesterMatthew Morrison
93%
Kurt HummelChris Colfer
93%
Rachel BerryLea Michele
89%
Santana LopezNaya Rivera
89%
Mercedes JonesAmber Riley
85%
Emma PillsburyJayma Mays
85%
Sue SylvesterJane Lynch
85%
Brittany PierceHeather Morris
85%
Sam EvansChord Overstreet
81%
Blaine AndersonDarren Criss
81%
Quinn FabrayDianna Agron
81%
Noah Puck PuckermanMark Salling
78%
Artie AbramsKevin McHale
74%
Tina Cohen ChangJenna ushkowitz
74%
Coach BeisteDot Marie Jones
52%
Kitty WildeBecca Tobin
52%
Elliott 'Starchild' GilbertAdam Lambert
48%
DaniDemi Lovato
48%
Shelby CorcoranIdina Menzel
48%
Wade AdamsAlex Newell
48%
Burt HummelMike O'Malley
44%
Dave KarofskyMax Adler
44%
Jake PuckermanJacob Artist
44%
Ryder LynnBlake Jenner
41%
Holly HolidayGwyneth Paltrow
41%
Cassandra JulyKate Hudson
41%
Terri SchuesterJessalyn Gilsig
41%
Becky JacksonLauren Potter
37%
Principal FigginsIqbal Theba
37%
Carole Hudson-HummelRomy Rosemont
37%
Sebastian SmytheGrant Gustin
37%
Lauren ZizesAshley Fink
37%
April RhodesKristin Chenoweth
33%
Mason McCarthyBilly Lewis Jr.
30%
Spencer PorterMarshall Williams
30%
Sugar MottaVanessa Lengies
30%
Roderick MeeksNoah Guthrie
30%
Matt RutherfordDijon Talton
30%
Roz WashingtonNeNe Leakes
26%
Marley RoseMelissa Benoist
26%
Brody WestonDean Geyer
26%
Rory FlannaganDamian McGinty
26%
Dr Carl HowellJohn Stamos
26%
Madison McCarthyLaura Dreyfuss
22%
Jesse St. JamesJonathon Groff
19%
AzimioJames Earl
19%
Jane HaywardSamantha Marie Ware
19%
Rod RemingtonBill A. Jones
19%
Jacob Ben IsraelJosh Sussman
19%
Sandy RyersonStephen Tobolowsky
15%
Joe HartSamuel Larsen
15%
Myron MuskovitzJ.J. Totah
15%
JeffRiker Lynch
15%
NickCurt Mega
15%
Stoner BrettRyan Heinke
15%
Brad the piano PlayerBrad Ellis
15%
Mike ChangHarry Schum, Jr
15%
AlistairFinneas O'Connell
11%
Hunter ClaringtonNolan Gerard Funk
11%
Shane TinsleyLamarcus Tinker
11%
Isabella WrightSarah Jessica Parker
11%
Carmen TibideauxWhoopi Goldberg
11%
Jean SylvesterRobin Trocki
7%
Kendra GiardiJennifer Aspen
7%
DavidTitus Makin Jr.
7%
Howard BambooKent Avenido
7%
Ken TanakaPatrick James Gallagher
7%
TrentDominic Barnes
7%
Dottie KazatoriPamela Chan
7%
Rick the stickRock Anthony
7%
WesTelly Leung
7%
Andrea CarmichaelEarlene Davis
7%
Super Intendent Bob HarrisChristopher Cousins
7%
Millie RoseTrisha Rae Stahl
7%
ThadEddy Martin
7%
Rupert CampionPeter Facinelli
4%
Sunshine CorazonJake Zyrus
4%
Bobby SuretteJesse Luken
4%
Cooter MenkinsEric Bruskotter
4%
Mike Chang Sr.Keong Sim
4%
Judy FabrayCharlotte Ross
4%
Sidney GreeneMichael Lerner
4%
BreeErinn Westbrook
4%
ShaynaCaitlynn Lawson
4%
ClintMax George
4%
WalterHarry Hamlin
4%
Dalton RumbaMichael Hitchcock
4%
Paul KarofskyDaniel Roebuck
0%
SheilaRaven Goodwin
0%
Rusty PillsburyDon Most
0%
Adam CrawfordOliver Kieran-Jones
0%
Rose PillsburyValerie Mahaffey
0%
Julia ChangTamlyn Tomita
0%
Dustin GoolsbyCheyenna Jackson
0%
Mrs PuckermanGina Hecht
0%
Alma LopezIvonne Coll
0%
LeRoy BerryBrian Stokes Mitchell
0%
GiselleTaisha Monique Clark
0%
Phil LipoffDaniel Curtis Lee
0%
JanetJacy King
0%
RonnieJolene Purdy
0%

Score Distribution

Percentile by Number Answered

Percent of People with Each Score

Your Score History

You have not taken this quiz